Essentials of professional cooking (Record no. 22902)

MARC details
000 -LEADER
fixed length control field 00478nam a2200181Ia 4500
008 - FIXED-LENGTH DATA ELEMENTS--GENERAL INFORMATION
fixed length control field 230917s9999||||xx |||||||||||||| ||und||
020 ## - ISBN
Price USD118.95
040 ## - CATALOGING SOURCE
-- 240806
Original cataloging agency VIVEKANANDA LIBRARY
041 ## - Language
-- English
082 ## - DDC NUMBER
Classification number 641.57 G447E(2)
100 ## - MAIN ENTRY--PERSONAL NAME
Personal name Gisslen, Wayne
245 #0 - TITLE STATEMENT
Title Essentials of professional cooking
250 ## - EDITION STATEMENT
Edition statement 2nd ed.
260 ## - PUBLICATION, DISTRIBUTION, ETC. (IMPRINT)
Place of publication, distribution, etc Hoboken
Name of publisher, distributor, etc John Wiley
Date of publication, distribution, etc 2016
300 ## - PHYSICAL DESCRIPTION
Pages ix, 582 p.
500 ## - GENERAL NOTE
General note 2751 27/06/2017 PBA17/409 28/06/2017 Main Budget
942 ## - ADDED ENTRY ELEMENTS (KOHA)
Koha item type Books
Holdings
Withdrawn status Lost status Damaged status Not for loan Location (home branch) Sublocation or collection (holding branch) Shelving location Date acquired Koha issues (times borrowed) Koha full call number Accession No. Koha date last seen Koha item type
        VIVEKANANDA LIBRARY VIVEKANANDA LIBRARY IHTM Library 21/07/2017   641.57 G447E(2) 362110 17/09/2023 Books
© Designed and Maintained by Vivekananda Library, MDU Rohtak